Normal view
MARC view
Entry Personal Name
001 - CONTROL NUMBER
- control field: 245892
003 - CONTROL NUMBER IDENTIFIER
- control field: OSt
005 - DATE AND TIME OF LATEST TRANSACTION
- control field: 20251117115155.0
008 - FIXED-LENGTH DATA ELEMENTS
- fixed length control field: 251117|| aca||aabn | a|a d
040 ## - CATALOGING SOURCE
- Original cataloging agency: OSt
- Transcribing agency: OSt
100 ## - HEADING--PERSONAL NAME
- Personal name: MISHEL (Margaret)
- Dates associated with a name: ಮಾರ್ಗರೇಟ್ ಮಿಚೆಲ್
670 ## - SOURCE DATA FOUND
- Source citation: Work cat.: (OSt)134887: MISHEL (Margaret) ಮಾರ್ಗರೇಟ್ ಮಿಚೆಲ್, Gone with the wind , 2004